Vista normal
Vista MARC
Entrada Nombre personal
Número de registros utilizados en: 1
001 - CONTROL NUMBER
- control field: 197954
003 - CONTROL NUMBER IDENTIFIER
- control field: OSt
005 - DATE AND TIME OF LATEST TRANSACTION
- control field: 20201025213557.0
008 - FIXED-LENGTH DATA ELEMENTS
- fixed length control field: 201025|| aca||aabn | a|a d
040 ## - CATALOGING SOURCE
- Original cataloging agency: OSt
- Transcribing agency: OSt
100 ## - HEADING--PERSONAL NAME
- Personal name: Córdoba Rivera, Mayury Constanza
670 ## - SOURCE DATA FOUND
- Source citation: Work cat.: (OSt): Córdoba Rivera, Mayury Constanza, Análisis de la Ley 1774 del 2016 en concordancia con la política pública de protección y bienestar animal en el municipio de Tunja

